Normal view
MARC view
- ASHOK,GLENN
Entry Personal Name
001 - CONTROL NUMBER
- control field: 90789
003 - CONTROL NUMBER IDENTIFIER
- control field: NUST
005 - DATE AND TIME OF LATEST TRANSACTION
- control field: 20220401102448.0
008 - FIXED-LENGTH DATA ELEMENTS
- fixed length control field: 220401|| aca||aabn | a|a d
040 ## - CATALOGING SOURCE
- Original cataloging agency: NUST
- Transcribing agency: NUST
100 ## - HEADING--PERSONAL NAME
- Personal name: ASHOK,GLENN
670 ## - SOURCE DATA FOUND
- Source citation: Work cat.: (NUST): ASHOK,GLENN., MICRO COMPUTER SYSTEM OPTIMIZATION CONCEPTS AND APPLICATIONS /, 2018.
